000 00963nas a22002057a 4500
003 OSt
005 20160920094812.0
008 160601b xxu||||| |||| 00| 0 eng d
022 _a1130-0426
040 _cBMC
082 _a320.3064
245 0 0 _aNueva revista de política, cultura y arte
_p: julio-agosto
_cAntonio Fontán (Presidente y editor)
260 _aMadrid
_bDifusiones y Promociones Editoriales, S.A. (Diproedisa)
_c2000
300 _a171 p.
_c21 cm
490 _aNueva revista de política, cultura y arte
_v70
505 _aContiene: ¿Qué es la sociedad del conocimiento?.- ¿Se anticipó la política de Aristóteles a la nueva economía?.- Conocimiento en el medio ambiente digital.- Las tecnologías de la información en España.- El cluster del conocimiento.- Nueva y vieja economía.- Bolsa e internet: una estrecha relación.-
650 2 4 _912628
_aPolítica cultural
700 1 _93186
_aFontán, Antonio
_d1923-2010
942 _2ddc
_cPR
999 _c25829
_d25829